Sustainable Development in the Jordan Valley Final Report of the Regional NGO Master Plan /

This book summarizes the NGO Master Plan that provides a comprehensive program to rehabilitate the Lower Jordan River and its tributaries in Jordan, Israel and Palestine. It is a regional and civil society effort designed to promote the restoration of the valley’s environmental and ecological values...

Mô tả đầy đủ

Đã lưu trong:
Chi tiết về thư mục
Tác giả chính: Kool, Jeroen (Tác giả)
Tác giả của công ty: SpringerLink (Online service)
Định dạng: Điện tử eBook
Ngôn ngữ:Tiếng Anh
Được phát hành: Cham : Springer International Publishing : Imprint: Springer, 2016.
Loạt:Hexagon Series on Human and Environmental Security and Peace, 13
Những chủ đề:
Truy cập trực tuyến:http://dx.doi.org/10.1007/978-3-319-30036-8
Các nhãn: Thêm thẻ
Không có thẻ, Là người đầu tiên thẻ bản ghi này!

MARC

LEADER 00000nam a22000005i 4500
001 978-3-319-30036-8
003 DE-He213
005 20180131132530.0
007 cr nn 008mamaa
008 161014s2016 gw | s |||| 0|eng d
020 |a 9783319300368  |9 978-3-319-30036-8 
024 7 |a 10.1007/978-3-319-30036-8  |2 doi 
050 4 |a HD72-88 
072 7 |a KCM  |2 bicssc 
072 7 |a BUS092000  |2 bisacsh 
082 0 4 |a 338.9  |2 23 
100 1 |a Kool, Jeroen.  |e author. 
245 1 0 |a Sustainable Development in the Jordan Valley  |h [electronic resource] :  |b Final Report of the Regional NGO Master Plan /  |c by Jeroen Kool. 
264 1 |a Cham :  |b Springer International Publishing :  |b Imprint: Springer,  |c 2016. 
300 |a XLII, 239 p. 181 illus., 179 illus. in color.  |b online resource. 
336 |a text  |b txt  |2 rdacontent 
337 |a computer  |b c  |2 rdamedia 
338 |a online resource  |b cr  |2 rdacarrier 
347 |a text file  |b PDF  |2 rda 
490 1 |a Hexagon Series on Human and Environmental Security and Peace,  |x 1865-5793 ;  |v 13 
505 0 |a Introduction -- The Jordan Valley -- Projections And Objectives -- Meeting The Strategic Planning Objectives -- The Year 2050 -- Final Conclusions And Recommendations -- Colophon. . 
506 0 |a Open Access 
520 |a This book summarizes the NGO Master Plan that provides a comprehensive program to rehabilitate the Lower Jordan River and its tributaries in Jordan, Israel and Palestine. It is a regional and civil society effort designed to promote the restoration of the valley’s environmental and ecological values within a realistic financial and economic framework. The plan identifies 127 specific regional and national "interventions"(projects) until the year 2050, based on seven strategic planning objectives: pollution control, sustainable water management and river rehabilitation, sustainable agriculture, Jordan River basin governance, ecological rehabilitation, sustainable tourism and cultural heritage development, and urban and infrastructure development. The total investment value is 4.58 billion USD, the plan ranks the interventions and identifies their feasibility in a short, medium and long term investment cycles considering the political environment. 
650 0 |a Environmental management. 
650 0 |a Cultural heritage. 
650 0 |a Tourism. 
650 0 |a Management. 
650 0 |a Nature conservation. 
650 0 |a Sustainable development. 
650 0 |a Development economics. 
650 1 4 |a Economics. 
650 2 4 |a Development Economics. 
650 2 4 |a Water Policy/Water Governance/Water Management. 
650 2 4 |a Sustainable Development. 
650 2 4 |a Nature Conservation. 
650 2 4 |a Cultural Heritage. 
650 2 4 |a Tourism Management. 
710 2 |a SpringerLink (Online service) 
773 0 |t Springer eBooks 
776 0 8 |i Printed edition:  |z 9783319300351 
830 0 |a Hexagon Series on Human and Environmental Security and Peace,  |x 1865-5793 ;  |v 13 
856 4 0 |u http://dx.doi.org/10.1007/978-3-319-30036-8 
912 |a ZDB-2-EES 
950 |a Earth and Environmental Science (Springer-11646) 
999 |c 188917  |d 188917